|
|
|
|
| LEADER |
00750cam a2200205 7i4500 |
| 001 |
0000035896 |
| 005 |
20130308090000.0 |
| 020 |
|
|
|a 9789675226540 (pbk.)
|
| 090 |
0 |
0 |
|a HF5415
|b .N37 2009
|
| 245 |
0 |
0 |
|a 9 naga pemasaran
|c Nassrul Hakim Md Jani.
|
| 246 |
3 |
|
|a Sembilan naga pemasaran.
|
| 260 |
|
|
|a Batu Caves, Selangor:
|b PTS Professional Pub.,
|c 2009.
|
| 300 |
|
|
|a xxv, 182 p.:
|b ill.;
|c 22 cm.
|
| 650 |
0 |
0 |
|a Marketing
|
| 650 |
0 |
0 |
|a Sales management
|
| 650 |
0 |
0 |
|a Marketing --
|x Study and teaching
|
| 999 |
|
|
|a 0000047226
|b BOK
|c OPEN SHELF
|e 1st Floor, Bestari Jaya
|
| 999 |
|
|
|a 0000047227
|b BOK
|c OPEN SHELF
|e 1st Floor, Shah Alam
|
| 999 |
|
|
|a 0000055164
|b BOK
|c OPEN SHELF
|e 1st Floor, Bestari Jaya
|
| 999 |
|
|
|a 0000055165
|b BOK
|c OPEN SHELF
|e 1st Floor, Shah Alam
|